000 00813cam a22002534a 4500
001 12835312
005 20180119042835.0
008 020627s2003 caua c 001 0 eng
010 _a 2002010312
020 _a0761921958
020 _a0761921966 (pbk.)
040 _aDLC
_cDLC
_dDLC
041 _aeng
042 _apcc
080 _a658.4095 POW
082 0 0 _a658.4095 POW
_221
100 1 _a54
101 _aMEN
245 1 0 _aWomen and men in management /
_cGary N. Powell, Laura M. Graves.
504 _aIncludes bibliographical references and index.
906 _a7
_bcbc
_corignew
_d1
_eecip
_f20
_gy-gencatlg
942 _2ddc
_cBK
999 _c40545
_d40545